| 000 | 00606nam a22001577a 4500 | ||
|---|---|---|---|
| 008 | 160517b xxu||||| |||| 00| 0 eng d | ||
| 082 |
_22015 _aUT 0627 _bM27 |
||
| 100 |
_98406 _aMaglasang, Aileen Mae P. |
||
| 245 |
_aClients' preference of Spa services in Digos City/ _cAileen Mae P. Maglasang, Kent Neil H. Catane and Harold C. Denuna. |
||
| 260 |
_aDigos City: _bUMDC _cNovember 2015. |
||
| 300 |
_a55 pages; _c30 cm. |
||
| 650 | 0 |
_98405 _aBusiness Administration _vMarketing Management _xUndergraduate thesis. |
|
| 700 |
_98403 _aCatane, Kent Neil H. |
||
| 700 |
_98404 _aDenuna, Harold C. |
||
| 942 |
_2ddc _cUT |
||
| 999 |
_c2543 _d2543 |
||